01332nam a22002057a 450000500170000000800410001702000180005805000200007624501720009625000110026826001750027930000230045450400410047750503750051865000840089365000440097770000360102170000330105770000360109020150124131539.0140828t mx ||||| |||| 00| 0 spa d a978607003927004aBF724bP73 201000aPrácticas parentales, CESD-R y Conductas de riesgo.b: Manual de aplicaciónc / Alma Vallejo Casarín, Rafael Osorno Murguía, Beatriz Segura Ochoa, compiladores a1a.ed. aMéxicobUniversidad de Arte Ciencias y del Estado de Veracruz, México, D.F.: Universidad Nacional Autónoma de México, Secretaría de Educación publica. c2010 a38p.:bil.;c28cm. aIncluye referencias bibliográficas aEscala prácticas parentales para adolescentes :PP-A / Patricia Andrade Palos, Diana Betancourt Ocampo.- Escala de depresión del centro de estudios epidemiológicos,Versión revisada: CES-D-R-/ Catalina González Forteza, José Alberto Jiménez Tapia. _ Cuestionario de conducta de riesgo para adolescentes./ Patricia Andrade Palos, Diana Betancourt Ocampo,  4aPsicología del adolescentevManualxProblemas emocionales de los adolescentes 4aAdolescentes vManualxConducta sexual 1aVallejo Casarín, Alma ecomp. 1aSegura Ochoa,Beatriz ecomp. 1aOsorno Murguía, Rafaelecomp.